000 00804cam a22002777a 4500
003 CHAP
005 20220329134242.0
008 971013s1981 uk a r 00010 eng d
010 _a17625
011 _a18597
035 _a22682
040 _cCHAP
082 0 4 _a581.134
_bC38
100 0 0 _aCauston, David R.
_920585
245 1 4 _aThe biometry of plant growth
260 _aLondon :
_bArnold,
_c1981
300 _a307 p.
_b; gráfs.
590 _aBATCH-UPD
_b10
_c20130110
_lUCH01
_h0058
590 _aBATCH-UPD
_b10
_c20130110
_lUCH01
_h1640
590 _aCONVERSION
_b10
_c20130109
_lUCH01
_h1311
650 1 4 _aPlantas
_xCrecimiento
_xAditivos.
_988804
700 0 _aVenus, Jill C.
_9118757
901 _aBK
942 _cLIBRO
949 _a581.134 C38
_bBC
_cLIBRO
_d33724000546396
_eLIBRO
_h58465
_i22682
_si
999 _c17625
_d17625